000 00502nam a2200193Ia 4500
003 OSt
005 20250128092946.0
008 210716s2000 xx 000 0 und d
020 _a0679450963
040 _cAIMIT LIBRARY
041 _aeng
082 _a808.83
_21
_bSMIA
100 _aSmith, April.
_9195711
245 _aBe the one /
_cBy April Smith.
250 _a1st ed.
260 _aNew York :
_bAlfred A Knopf Inc ;
_c2000.
300 _a317p. ;
_bPB
_c24 cm.
942 _2ddc
_cBK
_k808.83 SMIA
999 _c203194
_d203194